000 00505nam a2200181Ia 4500
008 191130s1996##################000#0#eng##
020 _a9781852789756
040 _aACL
_cACL
082 _a338.6048 LAN
100 _aLancaster, kelvin
245 _aTrade, markets and welfare
_cKelvin lancaster
260 _aCheltenham, UK ; Northampton, MA
_bEdward Elgar
_c1996
300 _a279 p.23 cm
650 _aEconomics
990 _a9a57e49bac10000c59e4be67f094448a
991 _a209256
999 _c81548
_d81548